Agama Buddha dan Gautama (Record no. 124104)

MARC details
000 -LEADER
fixed length control field 00836nam a2200277 i 4500
001 - CONTROL NUMBER
control field C2-0324121
003 - CONTROL NUMBER IDENTIFIER
control field PPAK
005 - DATE AND TIME OF LATEST TRANSACTION
control field 20180728122533.0
008 - FIXED-LENGTH DATA ELEMENTS--GENERAL INFORMATION
fixed length control field 131127s2013 my a|||| ||||| | may d
020 ## - INTERNATIONAL STANDARD BOOK NUMBER
International Standard Book Number 9789670335315
040 ## - CATALOGING SOURCE
Original cataloging agency PPAK
Language of cataloging eng
Transcribing agency PPAK
Description conventions rda
082 04 - DEWEY DECIMAL CLASSIFICATION NUMBER
Classification number 499.2386
Edition number 23
090 00 - LOCALLY ASSIGNED LC-TYPE CALL NUMBER (OCLC); LOCAL CALL NUMBER (RLIN)
Classification number (OCLC) (R) ; Classification number, CALL (RLIN) (NR) 499.2386
Feature heading AGA
Feature heading K
245 00 - TITLE STATEMENT
Title Agama Buddha dan Gautama
264 #1 - PRODUCTION, PUBLICATION, DISTRIBUTION, MANUFACTURE, AND COPYRIGHT NOTICE
Place of production, publication, distribution, manufacture Kuala Lumpur :
Name of producer, publisher, distributor, manufacturer Penerbit Sinar Cemerlang ,
Date of production, publication, distribution, manufacture, or copyright notice 2013
300 ## - PHYSICAL DESCRIPTION
Extent 44 pages :
Other physical details illustrations ;
Dimensions 26 cm
336 ## - CONTENT TYPE
Source rdacontent
Content type term text
337 ## - MEDIA TYPE
Source rdamedia
Media type term unmediated
338 ## - CARRIER TYPE
Source rdacarrier
Carrier type term volume
490 1# - SERIES STATEMENT
Series statement Agama, tamadun dan arkeologi
500 ## - GENERAL NOTE
General note Mengandungi latihan
650 10 - SUBJECT ADDED ENTRY--TOPICAL TERM
Topical term or geographic name entry element Bahasa Melayu - Readers. ; Religion and civilization.
700 0# - ADDED ENTRY--PERSONAL NAME
Personal name Siti Nadia Ahmad,
Relator term compile
830 #0 - SERIES ADDED ENTRY--UNIFORM TITLE
Uniform title Agama, tamadun dan arkeologi
942 ## - ADDED ENTRY ELEMENTS (KOHA)
-- dc
Koha item type Book
Holdings
Withdrawn Not for loan Current library Shelving location Date acquired Full call number Barcode Date last seen Koha item type Total Checkouts Date last checked out
    Perpustakaan Alor Setar Pinjaman Kanak-kanak 27/11/2013 K 499.2386 AGA A01417261 09/05/2018 Book    
    Perpustakaan Alor Setar Pinjaman Kanak-kanak 27/11/2013 K 499.2386 AGA A01417262 02/02/2023 Book 1 12/01/2023
    Perpustakaan Awam Sungai Petani Pinjaman Kanak-kanak 27/11/2013 K 499.2386 AGA A01417263 09/05/2018 Book    
    Perpustakaan Baling Pinjaman Kanak-kanak 11/12/2013 K 499.2386 AGA A01419011 09/05/2018 Book    
    Perpustakaan Bandar Baharu Pinjaman Kanak-kanak 11/12/2013 K 499.2386 AGA A01419015 09/05/2018 Book    
    Perpustakaan Jitra Pinjaman Kanak-kanak 11/12/2013 K 499.2386 AGA A01419009 09/05/2018 Book    
    Perpustakaan Kulim Pinjaman Kanak-kanak 11/12/2013 K 499.2386 AGA A01419010 09/05/2018 Book    
    Perpustakaan Langkawi Pinjaman Kanak-kanak 11/12/2013 K 499.2386 AGA A01419013 09/05/2018 Book    
    Perpustakaan Merbok Pinjaman Kanak-kanak 11/12/2013 K 499.2386 AGA A01419012 09/05/2018 Book    
    Perpustakaan Sik Pinjaman Kanak-kanak 11/12/2013 K 499.2386 AGA A01419016 09/05/2018 Book    
    Perpustakaan Yan Pinjaman Kanak-kanak 11/12/2013 K 499.2386 AGA A01419014 09/05/2018 Book